LEADER 01369nam a2200277 a 4500 001 000000131211 003 CaOOAMICUS 005 20121107115459.0 008 121107s2002 it frm z000 u ita r 040 $aPUL$bita 100 1 $aDoglio, Claudio.$0(OLS)http://pul/name/76222 245 13$aIl primogenito dei morti :$bla risurrezione di Cristo e dei cristiani nell'Apocalisse di Giovanni /$cauctore Claudio Doglio. 260 $aRoma :$bPontificia Università Gregoriana,$c2002. 300 $a357 p. ;$c24 cm. 490 1 $aSupplementi alla Rivista biblica ;$v45 502 $aTesi -- Pontificia Universitas Gregoriana. Facultas theologiae. 2002. 504 $aBibliografia: p. [331]-346. 710 2 $aPontificia Università Gregoriana.$bFacoltà di teologia.$kTesi.$0(OLS)http://pul/name/81592 830 0$aSupplementi alla Rivista biblica ;$v45.$0(OLS)http://pul/title/18638 850 $aPUL 852 $aPUL$W1$xDP1 Tesi Pon. Univ. Gregoriana$y40$m2002 B 34$j151544$qTesi$B150406$CPULBib$Z2$F150406 $82 941 1 $a16 983 0$aSupplementi alla rivista biblica (Associazione biblica italiana) 996 $6245$aIl primogenito dei morti :$bla risurrezione di Cristo e dei cristiani nell'Apocalisse di Giovanni$9(OLS)http://pul/title/165775 996 $6260$aRoma :$bPontificia Università Gregoriana$9(OLS)http://pul/publisher/47853 LEADER 01120nam a2200277 u 4500 001 000000042750 003 CaOOAMICUS 005 20070226114348.0 008 990308s1967 it u000 u ita u 035 $a10816667 040 $aPUL(R)$bita 100 1 $aGalbraith, John Kenneth,$d1908-$0(OLS)http://pul/name/14837 240 10$aAmerican capitalism.$lItaliano.$0(OLS)http://pul/title/57663 245 13$aIl capitalismo americano /$cJohn Kenneth Galbraith. 260 $aMilano :$bEtas Kompass,$cc1967. 300 $a204 p. ;$c23 cm 490 1 $aBiblioteca di studi economici ;$v8 504 $aBibliografia in nota. 650 4$aCapitalismo.$0(OLS)http://pul/subject/7257 830 0$aBiblioteca di studi economici ;$v8.$0(OLS)http://pul/title/57666 850 $aPUL 852 $aPUL$W1$xDP1 Cons. Gen., Altre Classi 1$y22$m46 C 6$j57703$nBK-PRI$b $qStampati$B57703$CPULBib$Z2$F57703 $H $81 941 1 $a8 961 $aINV: 40158 996 $6245$aIl capitalismo americano$9(OLS)http://pul/title/57665 996 $6260$aMilano :$bEtas Kompass$9(OLS)http://pul/publisher/64986